ၸိင်ႇတႃႇမၼိၵႃႇထႃႇ လႄႈ ပရိမိတ်တၸႃႇလသုတ်ႈ သွင်ပပ်ႉႁူမ်ႈၵၼ် ဢွင်ႇၶျၢမ်းသႃႇရတၼႃႇၸု / (Record no. 26446)

000 -LEADER
fixed length control field 01503nam a22002777a 4500
003 - CONTROL NUMBER IDENTIFIER
control field OSt
005 - DATE AND TIME OF LATEST TRANSACTION
control field 20260124091954.0
008 - FIXED-LENGTH DATA ELEMENTS--GENERAL INFORMATION
fixed length control field 230628b ||||| |||| 00| 0 eng d
040 ## - CATALOGING SOURCE
Transcribing agency SSBUL
041 ## - LANGUAGE CODE
Language code of text/sound track or separate title Shan
082 ## - DEWEY DECIMAL CLASSIFICATION NUMBER
Edition number 23
Classification number 294.3443
100 0# - MAIN ENTRY--PERSONAL NAME
Personal name ပၢၼ်းသႅင်း(ဝၢၼ်ႈၸိင်း - မိူင်းၼွင်)၊
Titles and words associated with a name ၶူးမေႃလိၵ်ႈ၊ သြႃႇ။
245 10 - TITLE STATEMENT
Title ၸိင်ႇတႃႇမၼိၵႃႇထႃႇ လႄႈ ပရိမိတ်တၸႃႇလသုတ်ႈ သွင်ပပ်ႉႁူမ်ႈၵၼ် ဢွင်ႇၶျၢမ်းသႃႇရတၼႃႇၸု /
Statement of responsibility, etc. ၶူးမေႃလိၵ်ႈသြႃႃႇ ပၢၼ်းသႅင်း(ဝၢၼ်ႈၸိင်း - မိူင်းၼွင်)။
250 ## - EDITION STATEMENT
Edition statement ပွၵ်ႈၵမ်း-3
260 ## - PUBLICATION, DISTRIBUTION, ETC.
Place of publication, distribution, etc. တႃႈၵုင်ႈ၊
Name of publisher, distributor, etc. မိတ်ႉတႃႇမူဝ်းပူင်ႇၼဵၵ်ႉတၢႆႉ၊
Date of publication, distribution, etc. 1996။
300 ## - PHYSICAL DESCRIPTION
Extent 142 ၼႃႈ၊
Dimensions 24 ၸိၼ်ႇတီႇ။
500 ## - GENERAL NOTE
General note S-SAT: Dr. Prof Sai Aung Tun
General note ပပ်ႉၸဝ်ႈတႃႇၼႁင်းၶေႃတွၵ်ႉတိူဝ်ႇၸၢႆးဢွင်ႇထုၼ်းလူႇတၢၼ်းဝႆႉ
650 ## - SUBJECT ADDED ENTRY--TOPICAL TERM
Topical term or geographic name entry element တြႃးၽြႃးပဵၼ်ၸဝ်ႈ
Topical term or geographic name entry element သုတ်ႉတၼ်ႇတပိတၵ
942 ## - ADDED ENTRY ELEMENTS (KOHA)
Koha item type Book (Short term)
100 0# - MAIN ENTRY--PERSONAL NAME
9 (RLIN) 28905
9 (RLIN) 28906
Source of classification or shelving scheme
Source of classification or shelving scheme
Source of classification or shelving scheme
Source of classification or shelving scheme
Holdings
Withdrawn status Lost status Source of classification or shelving scheme Damaged status Not for loan Collection Code Permanent Location Current Location Shelving location Date acquired Total Checkouts Full call number Barcode Date last seen Date last checked out Price effective from Koha item type Accession
          Special Collections Shan State Buddhist University Library Shan State Buddhist University Library Special Collection Shelves 28/06/2023 1 294.3443 ပၼ်း ႑႗႔႔ S-SAT SH00001744 26/12/2024 19/12/2024 28/06/2023 Book (Short term) ႑႗႔႔ S-SAT

Library - 09407999929
Admin Office - 09407999979
Dean Office - 09250910768
Registrar Office - 09892297154
Email - [email protected]
Shan State Buddhist University, Phaya Phyu Taunggyi, Shan State, Myanmar.